000 00653nam a2200277Ia 4500
005 20260324150548.0
008 008 260324s9999 xx 000 0 eng d
020 _a9781315007281
037 _aEBOOK
040 _aCRL
040 _beng
040 _cCRL
041 _2eng
041 _aeng
084 _qCRL
100 _aSheldon Glueck; Eleanor Glueck
_91226654
245 0 _aFamily Environment and Delinquency
260 _bTaylor and Francis
260 _c1962
365 _a
365 _b300
856 _uhttp://www.taylorfrancis.com/books/9781315007281
942 _cEBOOK
999 _c1836503
_d1836503